00506pab a2200157 454500008004000000100001900040245010400059260000900163300001400172362001200186650003200198650003000230700002100260700002000281773004700301180718b2007 xxu||||| |||| 00| 0 eng d aSingh, Sucheta aEmotional stability with relevance to social network of human resource in educational organizations c2007 ap.148-55. aJan-Mar aHuman resources development aEducational organizations aMishra, Yoga Dev aGandotra, Veena aIndian Journal of Training and Development